Thuỷ lực công trình thoát nước

Đã lưu trong:
书目详细资料
主要作者: Trần, Đình Nghiên
格式: 图书
语言:Undetermined
出版: Hà Nội Xây dựng 2010
主题:
标签: 添加标签
没有标签, 成为第一个标记此记录!
Thư viện lưu trữ: Trung tâm Học liệu Trường Đại học Cần Thơ
LEADER 00726nam a2200205Ia 4500
001 CTU_169178
008 210402s9999 xx 000 0 und d
020 |c 74000 
082 |a 627.5 
082 |b Ngh305 
100 |a Trần, Đình Nghiên 
245 0 |a Thuỷ lực công trình thoát nước 
245 0 |c Trần Đình Nghiên 
260 |a Hà Nội 
260 |b Xây dựng 
260 |c 2010 
650 |a Land drainage,Irrigation,Thoát nước,Tưới tiêu 
650 |x Design and construcstion,Design and construcstion,Thiết kế và thi công,Thiết kế và thi công 
904 |i Trọng Hiếu 
980 |a Trung tâm Học liệu Trường Đại học Cần Thơ